000
003290000a22001450004500
003
MACL
040
_a
MACL
090
_c
32510
_d
32508
100
_a
Menon, Nivedita
245
_a
Gender and Politics in India
260
_b
Oxford University Press
_c
1999
350
_a
375
650
_a
Political Science
942
_c
BOOK
_k
320/Men
999
_c
32180
_d
32180